| 000 | 00511nam a2200181Ia 4500 | ||
|---|---|---|---|
| 999 |
_c16463 _d16463 |
||
| 003 | OSt | ||
| 005 | 20200606115923.0 | ||
| 008 | 190216s9999||||xx |||||||||||||| ||und|| | ||
| 020 | _a81902295284 | ||
| 040 | _cMESKC library | ||
| 082 |
_a891.43 _bDIX/M |
||
| 100 |
_aDixit, Surya Prasad _9416 |
||
| 245 | 0 |
_aManan Parva / _cDixit, Surya Prasad |
|
| 260 |
_bPreetha Prakashan / _aJaipur: _c2005. |
||
| 300 | _a231p | ||
| 650 | _aHindi | ||
| 942 |
_cBK _2ddc _h891.43 _iDIX/M _k891.43 _mDIX/M |
||